Alle modernen Länder, die jemals von Deutschland kontrolliert wurden - Statistiken

Allgemein
  • Dieses Quiz wurde 59 mal gespielt
  • Das Durchschnittsergebnis liegt bei 53 aus 64
Antworten auf der Karte
Die Antworten werden auf der Karte rot bzw. grün angezeigt, abhängig davon wie oft sie richtig erraten wurden.
 
Antwortstatistiken
Länder % Korrekt
Belarus
98%
Belgien
98%
Dänemark
98%
Deutschland
98%
Finnland
98%
Frankreich
98%
Italien
98%
Kroatien
98%
Lettland
98%
Niederlande
98%
Norwegen
98%
Österreich
98%
Polen
98%
Serbien
98%
Ukraine
98%
United Kingdom (Channel Islands)
98%
Albanien
96%
Estland
96%
Griechenland
96%
Litauen
96%
Rumänien
96%
Slowakei
96%
Slowenien
96%
Tschechien
96%
Ungarn
96%
Bosnien und Herzegowina
94%
Kosovo
94%
Montenegro
94%
Russland
94%
Bulgarien
93%
Tunesien
91%
Namibia
89%
San Marino
89%
Monaco
87%
Nigeria
87%
Nordmazedonien
87%
Georgien
85%
Luxemburg
85%
Ghana
83%
Republik Kongo
81%
Tansania
81%
Togo
81%
Angola
80%
Papua-Neuguinea
78%
China
76%
Kamerun
76%
Ruanda
72%
Kenia
70%
Moldawien
69%
Zentralafrikanische Republik
69%
Tschad
67%
Armenien
63%
Burundi
63%
Guinea
63%
Föderierte Staaten von Mikronesien
59%
Gabun
57%
Nauru
56%
Palau
56%
Samoa
56%
Marshallinseln
52%
Salomonen
52%
Mosambik
50%
Sambia
41%
United States (Northern Mariana Islands)
28%
Keine übereinstimmenden Quizze gefunden
Verteilung der Resultate
Anzahl Personen mit jedem Resultat
Perzentil nach korrekt beantworteten Fragen
Ihre Resultats-Entwicklung
Sie haben dieses Quiz noch nicht gespielt